000 00449cam a2200193ua 4500
001 3290
008 150214n ii |||gr||||Z||||||asm
040 _cMAIN
041 _aasm
082 _a891.4513
100 _aGoswami, Jyotidev,
_eAuthor.
245 _aParajoy
_cby Jyotidev Goswami
250 _a1st.
260 _aGuahati:
_bSahitya Prakashan,997.
300 _a150p:
_c23cm.
653 _aAssamese novel
653 _aParajoy
942 _cBK
999 _c3135
_d3135